<?xml version="1.0" encoding="UTF-8"?>
<collection xmlns="http://www.loc.gov/MARC21/slim">
  <record>
    <leader>00000nam  2200000   4500</leader>
    <controlfield tag="001">INLIS000000000000314</controlfield>
    <controlfield tag="005">20190617113050</controlfield>
    <datafield tag="035" ind1="#" ind2="#">
      <subfield code="a">0010-0718000314</subfield>
    </datafield>
    <controlfield tag="008">190617################g##########0#ind##</controlfield>
    <datafield tag="020" ind1="#" ind2="#">
      <subfield code="a">9786027825871</subfield>
    </datafield>
    <datafield tag="041" ind1=" " ind2=" ">
      <subfield code="a">id</subfield>
    </datafield>
    <datafield tag="082" ind1="#" ind2="#">
      <subfield code="a">658.49 2</subfield>
    </datafield>
    <datafield tag="090" ind1=" " ind2=" ">
      <subfield code="a">658.49 2, Bad k</subfield>
    </datafield>
    <datafield tag="100" ind1=" " ind2="#">
      <subfield code="a">Badeni</subfield>
    </datafield>
    <datafield tag="245" ind1="1" ind2="#">
      <subfield code="a">Kepemimpinan dan Perilaku Organisasi /</subfield>
      <subfield code="c">Badeni</subfield>
    </datafield>
    <datafield tag="260" ind1="#" ind2="#">
      <subfield code="a">Bandung :</subfield>
      <subfield code="b">Alfbeta,</subfield>
      <subfield code="c">2014</subfield>
    </datafield>
    <datafield tag="300" ind1="#" ind2="#">
      <subfield code="a">viii, 244 hlm :</subfield>
      <subfield code="b">ilus ;</subfield>
      <subfield code="c">24 cm</subfield>
    </datafield>
    <datafield tag="650" ind1=" " ind2="#">
      <subfield code="a">Organisasi</subfield>
    </datafield>
    <datafield tag="084" ind1="#" ind2="#">
      <subfield code="a">658.49 2 Bad k</subfield>
    </datafield>
    <datafield tag="250" ind1="#" ind2="#">
      <subfield code="a">Cet.2</subfield>
    </datafield>
    <datafield tag="520" ind1="#" ind2="#">
      <subfield code="a">Sangat diperlukan pemahaman yang baik mengenai mengapa dan bagaimana  seseorang berperilaku dalam suatu organisasi. Organisasi sebagai sebuah unit sosial yang terkoordinasi, perilaku para anggotanya sangat bervariasi, ada yang lebih rajin, lebih produktif atau lebih loyal dibandingkan dengan yang lain. Buku ini memberikan bahan dasar pengetahuan bagi mahasiswa terutama program magister manajemen, para pemerhati dan pengembangan ilmu manajemen untuk memahami bagaimana mengarahkan dan memengaruhi perilaku manusia dalam organisasi dengan baik. Pemabahasan buku ini meliputi sejumlah aspek yang secara teoritis dapat memengaruhi perilaku yang dikelompokkan pada tiga aspek, yaitu aspek individu, aspek kelompok dan aspek organisasi. Hal ini didasarkan suatu pemikiran bahwa seseorang sebagai anggota organisasi atau lembaga, seorang individu berbeda dengan individu yang lain. Seorang individu memiliki ciri tertentu sepertikepribadian, kemampuan, nilai, dan lain-lain yang berbeda-beda antara satu dengan yang lain. Di dalam organisasi, individu akan bergabung dengan kelompok melalui pembagian tugas dan tanggung jawab yang diberikan kepadanya. Sebuah kelompok akan memiliki dan membentuk ciri-ciri tertentu seperti pembentukan norma kelompok, struktur kelompok, kepemimpinan kelompok, dan lain-lain yang keseluruhannya dapat memengaruhi sikap dan perilaku kerja seseorang. Kelompok sudah dapat dipastikan merupakan bagian yang tidak terpisahkan dari organisasi.</subfield>
    </datafield>
    <datafield tag="856" ind1="#" ind2="#">
      <subfield code="a">Perpustakaan Lembaga Administrasi Negara</subfield>
    </datafield>
    <datafield tag="990" ind1="#" ind2="#">
      <subfield code="a">18389</subfield>
    </datafield>
    <datafield tag="990" ind1="#" ind2="#">
      <subfield code="a">160618338</subfield>
    </datafield>
    <datafield tag="990" ind1="#" ind2="#">
      <subfield code="a">18389</subfield>
    </datafield>
    <datafield tag="990" ind1="#" ind2="#">
      <subfield code="a">160518389</subfield>
    </datafield>
    <datafield tag="990" ind1="#" ind2="#">
      <subfield code="a">160618338</subfield>
    </datafield>
  </record>
</collection>
